• 首页
  • 本馆介绍
  • 公告通知
  • 最新文献
  • 馆藏检索
  • 电子资源
  • 读者导购
  • 参考咨询
  • 我的图书馆
  • 登录
  • 详细信息显示
  • 放入我的书架
  • 预约/预借图书
  • 作者相关作品
  • 分类相关作品
  • 丛书相关作品
  • 出版社相关作品

书目信息

  • 表格格式
  • 工作单格式
  • 卡片格式
题名:
19世纪法国歌剧咏叹调女高音作品专辑
    
 
作者: 曹金 编著
分册: 下册  
出版信息: 上海   华东师范大学出版社  2014
页数: 121-227页
开本: 30cm
丛书名:
单 册:
中图分类: J653.2
科图分类:
主题词: 西洋歌剧--xi yang ge ju--女高音--咏叹调--法国--19世纪--选集
电子资源:
ISBN: 978-7-5675-1526-0
000 01095nam0 2200229 450
001 340442
005 20150625160139.48
010    @a978-7-5675-1526-0@b精装@dCNY33.00
100    @a20141223d2014 em y0chiy0110 ea
101 0  @achi
102    @aCN@b310000
105    @ag z 000yy
106    @ar
200 1  @a19世纪法国歌剧咏叹调女高音作品专辑@A19 shi ji fa guo ge ju yong tan diao nv gao yin zuo pin zhuan ji@h下册@f曹金编著
210    @a上海@c华东师范大学出版社@d2014
215    @a121-227页@c乐谱@d30cm
330    @a19世纪初法国歌剧作为当时社会最受欢迎的艺术体裁, 承袭意大利正歌剧和喜歌剧的音乐形式, 融入法国音乐特色, 在19世纪20年代, 与意大利歌剧并列, 成为欧洲歌剧的主要流派之一。该书搜集了19世纪法国不同时期最具代表性的女高音歌剧咏叹调18首, 分别出自Giacomo Meyerbeer、Charles Francois Gounod、Georges Bizet等9位伟大作曲家的13部歌剧作品, 并按照作曲家和作品的创作年代为序, 极具代表性。
606 0  @a西洋歌剧@Axi yang ge ju@x女高音@x咏叹调@y法国@z19世纪@j选集
690    @aJ653.2@v5
701  0 @a曹金@Acao jin@4编著
801  0 @aCN@b卓展宏图@c20150525
905    @dJ653.2@e574:2@f4
    
    19世纪法国歌剧咏叹调女高音作品专辑.下册/曹金编著.-上海:华东师范大学出版社,2014
    121-227页:乐谱;30cm
    
    
    ISBN 978-7-5675-1526-0(精装):CNY33.00
    19世纪初法国歌剧作为当时社会最受欢迎的艺术体裁, 承袭意大利正歌剧和喜歌剧的音乐形式, 融入法国音乐特色, 在19世纪20年代, 与意大利歌剧并列, 成为欧洲歌剧的主要流派之一。该书搜集了19世纪法国不同时期最具代表性的女高音歌剧咏叹调18首, 分别出自Giacomo Meyerbeer、Charles Francois Gounod、Georges Bizet等9位伟大作曲家的13部歌剧作品, 并按照作曲家和作品的创作年代为序, 极具代表性。
●
相关链接 在E读中查询图书 在五车中查询图书 在当当中查询图书 在豆瓣中查询图书


正题名:19世纪法国歌剧咏叹调女高音作品专辑     索取号:J653.2/574:2         预约/预借

序号 登录号 条形码 馆藏地/架位号 状态 备注
1 865689   208656890   第一样本阅览室/ [索取号:J653.2/574:2] 在馆    
2 865690   208656907   音乐系资料室/ [索取号:J653.2/574:2] 在馆    
3 865691   208656916   第一借阅区/ [索取号:J653.2/574:2] 在馆    
4 865692   208656925   第一借阅区/ [索取号:J653.2/574:2] 在馆    
唐山师范学院图书馆 欢迎您!
大连网信软件有限公司© 版权所有